[Event "German Masters 2020"]
[Site "Magdeburg"]
[Date "2020.08.18"]
[Round "3.3"]
[White "Fridman, Daniel"]
[Black "Bluebaum, Matthias"]
[Result "0-1"]
[WhiteElo "2615"]
[BlackElo "2647"]
[Annotator "TA"]
[PlyCount "102"]
[EventDate "2020.08.16"]
[EventType "tourn"]
[EventCountry "GER"]
[SourceTitle "playchess.com"]
[Source "ChessBase"]
[SourceQuality "1"]

{[%evp 22,102,9,12,14,18,20,7,6,5,7,10,0,-9,-9,-10,-5,-12,-8,-6,-13,-8,-7,-13,-16,-20,-30,-19,-9,-9,-8,-11,-7,-7,0,-8,0,0,0,0,0,0,0,-19,-28,-76,-39,-70,-41,-48,-48,-49,-49,-46,-47,-183,-8,-518,-518,-512,-496,-463,-451,-451,-425,-526,-518,-468,-419,-921,-921,-914,-914,-914,-907,-907,-900,-892,-795,-845,-525,-843,-836]} 1. d4 Nf6 2. Nf3 d5 3. c4 e6 4. Nc3 Bb4 5. Bg5 h6 6. Bxf6 Qxf6 7. Qb3 c5 8. cxd5 exd5 9. e3 O-O 10. dxc5 Bxc3+ 11. Qxc3 Qxc3+ 12. bxc3 Be6 {D38: Queen's Gambit Declined: Ragozin Defence (4 Nf3 Bb4).} 13. Nd4 Rc8 $1 14. Rb1 Nd7 {The position is equal.} 15. c4 Nxc5 16. Nxe6 fxe6 {[#]} 17. Be2 $146 ({Predecessor:} 17. cxd5 exd5 18. Be2 Ne4 19. Bg4 Rc6 20. f3 Nc5 21. Rd1 Rd8 22. Kf2 Na4 23. Rd2 {½-½ (41) Tregubov,P (2595)-Aleksandrov,A (2650) Budva 2002}) 17... dxc4 18. Bxc4 Kf7 19. O-O Ke7 20. Be2 Rc7 21. Rfc1 Rac8 22. Rc4 Nd7 23. Rxc7 Rxc7 $11 {[%mdl 4096] Endgame KRB-KRN} 24. Kf1 Rc2 25. Bd1 Rxa2 26. Rxb7 Kd6 27. h4 Ra1 28. Ke2 Kc6 29. Rb4 a5 30. Rg4 {Black must now prevent Ba4+.} Nc5 31. Rxg7 a4 32. Bxa4+ Rxa4 {KRN-KR} 33. g4 h5 34. Kf3 Nd3 {Strongly threatening ...Ne5+.} 35. gxh5 Rxh4 36. Rg5 Rh2 37. Kg3 Rxf2 {And now ...Rf1 would win.} 38. h6 (38. Rg6 $1 $15) 38... Rf7 $1 $19 {Hoping for ...Rh7.} 39. Rg7 $2 {[%mdl 8192]} (39. Kh4 $1 $11 {and White stays safe.}) 39... Ne5 $1 40. Kh4 Kd5 41. Kg5 {intending Rxf7.} Rf5+ 42. Kh4 Rf1 43. h7 Rh1+ 44. Kg5 {[#]} Kd6 $1 45. e4 {[#]} (45. Kf4 $142 Rh5 46. e4) 45... Nd7 $1 {[%cal Rd7f8] Black is clearly winning.} 46. Rf7 Rh2 47. Kf4 Rh4+ 48. Kg3 Rh1 49. Kg2 Rh6 50. Kg3 e5 51. Kg4 {[#]} Rxh7 $1 {[%mdl 512] Accuracy: White = 65%, Black = 93%.} 0-1

[Event "German Masters 2020"]
[Site "Magdeburg"]
[Date "2020.08.18"]
[Round "3.4"]
[White "Nisipeanu, Liviu-Dieter"]
[Black "Donchenko, Alexander"]
[Result "1/2-1/2"]
[WhiteElo "2655"]
[BlackElo "2657"]
[Annotator "TA"]
[PlyCount "80"]
[EventDate "2020.08.16"]
[EventType "tourn"]
[EventCountry "GER"]
[SourceTitle "playchess.com"]
[Source "ChessBase"]
[SourceQuality "1"]

{[%evp 23,80,8,7,0,0,-6,6,7,7,6,0,0,18,0,0,0,-6,-24,-25,-20,-26,-22,-28,-51,-54,-51,-51,-52,-20,-38,-38,-41,0,0,0,0,0,0,0,0,0,0,0,0,0,0,8,4,7,0,0,0,0,0,0,0,0,0,0]} 1. d4 Nf6 2. c4 e6 3. Nc3 Bb4 4. e3 O-O 5. Bd3 d5 6. Nf3 dxc4 7. Bxc4 c5 8. O-O cxd4 9. exd4 b6 10. Bg5 Bb7 11. Qe2 Bxc3 12. bxc3 Nbd7 13. Bb5 $5 {[%mdl 4] 13.Rac1 is a critical line. Exploring less charted territory. E54: Nimzo-Indian: Rubinstein: Main Line: 7...dxc4 8 Bxc4.} Qc7 14. Rfc1 a6 15. Bd3 h6 {[#] Threatens to win with ...Bxf3.} 16. Bd2 $146 ({Predecessor:} 16. Bh4 Nh5 17. Qe3 Qf4 18. Bg3 Qxe3 19. fxe3 Nxg3 20. hxg3 Rfc8 21. a4 Rc7 22. c4 {½-½ (66) Nisipeanu,L (2655)-Yilmaz,M (2630) Playchess.com INT 2020}) 16... Rfe8 17. Re1 Nd5 18. Ne5 Nxe5 19. dxe5 Ne7 $36 {[%mdl 2048] White is under pressure.} 20. Qg4 {Hoping for Bxh6.} Nf5 21. Bxf5 exf5 22. Qxf5 Rad8 23. Bf4 Qc6 {[%csl Gb7][%cal Rc6g2] [#]} 24. f3 Qxc3 25. Rac1 Qb4 26. e6 fxe6 27. Qe5 Re7 28. Rb1 {The position is equal.} Qd4+ 29. Qxd4 Rxd4 30. Be5 Rd2 31. a4 Ra2 32. Rxb6 Rxa4 33. Bd6 Rd7 34. Rxe6 Rd4 35. Re8+ Kh7 36. Re7 R4xd6 37. Rxb7 Rxe7 38. Rxe7 Rd2 39. h4 Rd4 40. Ra7 Rxh4 {Accuracy: White = 100%, Black = 91%.} 1/2-1/2

[Event "German Masters 2020"]
[Site "Magdeburg"]
[Date "2020.08.19"]
[Round "4.1"]
[White "Huschenbeth, Niclas"]
[Black "Donchenko, Alexander"]
[Result "1-0"]
[WhiteElo "2605"]
[BlackElo "2657"]
[Annotator "TA"]
[PlyCount "85"]
[EventDate "2020.08.16"]
[EventType "tourn"]
[EventCountry "GER"]
[SourceTitle "playchess.com"]
[Source "ChessBase"]
[SourceQuality "1"]

{[%evp 19,85,17,10,22,12,16,16,25,25,14,14,20,27,11,36,22,51,0,0,0,10,7,12,0,22,0,81,0,78,51,279,275,281,282,254,272,267,280,375,348,318,211,206,197,197,194,260,262,258,269,266,241,308,309,354,353,29970,29971,29977,29975,6368,6324,29976,29980,29978,29979,29979,29979]} 1. e4 e5 2. Nf3 Nc6 3. Bb5 a6 4. Ba4 Nf6 5. O-O Be7 6. Re1 b5 7. Bb3 O-O 8. a4 b4 9. a5 d6 10. c3 {is now debated instead of 10.d3.} Rb8 11. h3 {C90: Closed Ruy Lopez with 7...d6: Early deviations.} h6 12. d3 Be6 13. Bxe6 {The position is equal.} fxe6 14. Nbd2 {[#]} bxc3 $146 ({Predecessor:} 14... Qe8 15. Nf1 Nh5 16. Be3 Qd7 17. N1d2 Nf4 18. Qc2 Rb5 19. Reb1 Bg5 20. Nxg5 hxg5 {1-0 (45) Pundak,M (2236)-Stepan,J (2003) ICCF email 2017}) 15. bxc3 Qe8 16. d4 exd4 17. cxd4 d5 18. exd5 (18. Ba3 $14) 18... Nxd5 $11 19. Qe2 Nf4 20. Qe4 Bb4 21. Ba3 Bxd2 22. Nxd2 Rf5 (22... Rf6 $1 $11) 23. Rac1 (23. Nf3 $16) 23... Nxa5 (23... Nxd4 $1 $11 {keeps the balance.} 24. Qxd4 Rd8) 24. Rxc7 $16 Qg6 $2 {[#] This costs Black the game.} (24... Qd8 $14 25. Rc5 Rxc5 26. Bxc5 Nxh3+ 27. gxh3 Qg5+ 28. Qg4 Qxd2 29. Rxe6 (29. Qxe6+ Kh8 $14) 29... Qa2) 25. Re3 $1 $18 {[%cal Re3g3] Threatens to win with Rg3.} Nd5 26. Rg3 Rg5 27. Rxg5 ({Don't take} 27. Qxg6 $6 Rxg6 28. Rxg6 Nxc7 $16) 27... Qxg5 28. Qxe6+ {[%mdl 64] Double Attack} Kh7 29. Qe4+ Kh8 30. Nf3 $40 {[%mdl 128] White attacks with force.} Qf4 31. Qxf4 ({Worse is} 31. Qxd5 Qxc7 32. Ne5 Nb3 $11) 31... Nxf4 32. Bd6 Nd3 (32... Nd5 {was necessary.}) 33. Ne5 Rb1+ 34. Kh2 Nxf2 {...Rh1+ is the strong threat.} 35. Bf8 {White wants to mate with Ng6+.} Rb7 36. Rc8 Kh7 37. d5 {And now d6 would win.} Rb5 $2 {[#]} (37... Ne4 $18 38. d6 Nxd6 39. Bxd6 Rb5) 38. Rc7 $1 {[%mdl 512]} Kg8 39. Ng6 {[%csl Gf8][%cal Rc7g7]} Rb7 40. d6 Kh7 41. d7 {White mates.} Rxc7 42. d8=Q Rf7 43. Ne5 {Accuracy: White = 83%, Black = 42%.} 1-0

[Event "German Masters 2020"]
[Site "Magdeburg"]
[Date "2020.08.19"]
[Round "4.2"]
[White "Bluebaum, Matthias"]
[Black "Nisipeanu, Liviu-Dieter"]
[Result "1-0"]
[WhiteElo "2647"]
[BlackElo "2655"]
[Annotator "TA"]
[PlyCount "77"]
[EventDate "2020.08.16"]
[EventType "tourn"]
[EventCountry "GER"]
[SourceTitle "playchess.com"]
[Source "ChessBase"]
[SourceQuality "1"]

{[%evp 11,77,39,33,27,33,29,39,6,8,7,8,0,0,0,36,0,0,0,13,0,0,0,0,0,0,0,43,40,67,55,61,0,0,0,8,8,1,16,111,106,146,161,230,222,350,360,754,348,1377,1295,1049,426,1095,848,3041,1820,1949,1168,1726,909,4132,2693,2056,1940,1703,1702,822,522]} 1. d4 d5 2. c4 e6 3. Nc3 Nf6 4. Nf3 c6 5. e3 Ne4 6. Bd3 f5 7. Ne5 {A85: Dutch Defence: 2 c4 Nf6 3 Nc3.} g6 8. O-O Nd7 9. f4 {White is slightly better.} Nxe5 10. fxe5 {[#]} Be7 $146 ({Predecessor:} 10... a6 11. Qf3 Be7 12. Qd1 O-O 13. c5 Bg5 14. Ne2 Bd7 15. Qc2 Qe7 16. Rb1 Rfb8 {1-0 (40) Vidic,S (2280)-Illes,A (1976) Hungary 2015}) 11. Nxe4 dxe4 12. Be2 c5 13. b4 cxb4 14. a3 bxa3 15. Bxa3 O-O 16. d5 Bxa3 17. Rxa3 b6 18. Qd4 Bd7 19. Rfa1 Qc7 20. d6 Qb7 21. c5 (21. Ra6 $14) 21... bxc5 $11 22. Qxc5 Rfc8 23. Qd4 $36 {[%mdl 2048] White has the initiative.} a5 $1 24. h3 a4 (24... Ra7 $11 {remains equal.}) 25. Bd1 $16 Ra5 {Hoping for ...Rd5.} 26. Bxa4 Bxa4 27. Rxa4 Rd5 (27... Rxa4 {was called for.} 28. Rxa4 (28. Qxa4 Qb2 $16) 28... Qb5) 28. Qa7 $1 $18 {[%cal Ra7b7]} Qg7 $2 (28... Qxa7 29. Rxa7 Rd8) 29. Qa8 (29. Qb6 $142 {And now Ra7 would win.} Qxe5 30. Qb7) 29... Rdc5 $2 {[#]} (29... Rxa8 30. Rxa8+ Qf8 $1 {[%mdl 512]} 31. Rxf8+ Kxf8) 30. Ra7 $1 {[%mdl 512] White is clearly winning.} Qh6 {[#]} 31. Rc7 $3 {[%mdl 512]} Qxe3+ (31... Qf8 $142) 32. Kh1 {[%cal Ra8c8]} Rc1+ 33. Rcxc1 Rxa8 34. Rxa8+ {KQ-KRR} Kg7 35. Rd1 f4 {[#]} 36. Ra7+ $1 {[%mdl 512]} Kh6 (36... Qxa7 37. d7) 37. d7 Qxa7 38. d8=Q Qf2 39. h4 {Accuracy: White = 68%, Black = 49%.} 1-0

[Event "German Masters 2020"]
[Site "Magdeburg"]
[Date "2020.08.19"]
[Round "4.3"]
[White "Meier, Georg"]
[Black "Fridman, Daniel"]
[Result "1/2-1/2"]
[WhiteElo "2621"]
[BlackElo "2615"]
[Annotator "TA"]
[PlyCount "74"]
[EventDate "2020.08.16"]
[EventType "tourn"]
[EventCountry "GER"]
[SourceTitle "playchess.com"]
[Source "ChessBase"]
[SourceQuality "1"]

{[%evp 13,74,7,12,0,4,0,2,6,9,10,20,28,28,28,20,17,29,20,29,21,22,12,24,3,20,10,15,0,0,0,0,0,27,0,0,0,0,0,0,0,0,0,0,0,0,0,0,0,0,0,0,0,0,0,0,0,0,0,0,0,0,0,0]} 1. Nf3 d5 2. g3 Nf6 3. Bg2 e6 4. O-O Be7 5. c4 O-O 6. d4 dxc4 7. Qc2 b5 8. a4 {E05: Open Catalan: 5 Nf3 Be7.} b4 9. Nbd2 (9. Nfd2 c6 10. Nxc4 Qxd4 11. Rd1 Qc5 12. Nbd2 Rd8 13. b3 Ba6 14. Bb2 Nbd7 15. Rac1 Bxc4 16. Nxc4 Nb6 17. Nxb6 Qxc2 18. Rxd8+ Rxd8 19. Rxc2 Rd1+ 20. Bf1 axb6 21. Rxc6 Rd6 22. Rc4 {1-0 (60) Meier,G (2640)-Fridman,D (2667) Baden-Baden 2013}) 9... Bb7 10. Nxc4 c5 {now supersedes 10...Be4. 10...Be4 is not played anymore.} 11. Rd1 Be4 12. Qb3 Nbd7 13. Nfe5 {Threatens to win with Bxe4.} Bxg2 14. Kxg2 {With the idea Nc6.} Rc8 15. Be3 Qc7 {[#]} 16. Nxd7 $146 ({Predecessor:} 16. Rac1 Nxe5 17. dxe5 Nd7 18. f4 Nb6 19. Nd6 Qc6+ 20. Kf2 Nxa4 21. Nxc8 Rxc8 22. Ra1 {½-½ (43) Gutov,A (2421)-Arnaudov,P (2477) Albena 2012}) 16... Qxd7 17. Rac1 Qb7+ 18. f3 Nd5 19. Bf2 cxd4 20. Bxd4 Qa6 21. Kf1 Bg5 22. Rc2 {[#]} Nc3 $1 {[%mdl 512]} 23. bxc3 (23. Nb6 $5 axb6 24. bxc3 $11) 23... Qxc4 {The position is equal.} 24. Qxc4 Rxc4 25. Bxa7 Ra8 26. Bd4 Rxa4 27. Rb2 h6 28. Rxb4 Raxb4 29. cxb4 Rxb4 $11 {[%mdl 4096] Endgame KRB-KRB} 30. h4 Bf6 31. Bxf6 gxf6 {KR-KR} 32. Kf2 f5 33. Rd3 Kg7 34. Ra3 Rc4 35. Ra5 Rb4 36. Ra3 Rc4 37. Ra5 Rb4 {Not much happened in this game. Accuracy: White = 96%, Black = 96%.} 1/2-1/2

[Event "German Masters 2020"]
[Site "Magdeburg"]
[Date "2020.08.19"]
[Round "4.4"]
[White "Heimann, Andreas"]
[Black "Kollars, Dmitrij"]
[Result "1/2-1/2"]
[WhiteElo "2622"]
[BlackElo "2586"]
[Annotator "TA"]
[PlyCount "242"]
[EventDate "2020.08.16"]
[EventType "tourn"]
[EventCountry "GER"]
[SourceTitle "playchess.com"]
[Source "ChessBase"]
[SourceQuality "1"]

{[%evp 14,242,18,18,16,15,34,18,23,25,13,18,19,21,19,20,43,20,65,20,70,87,182,183,184,189,358,151,392,384,394,390,542,558,533,551,534,491,627,621,623,623,586,618,597,604,584,566,566,558,670,380,389,400,407,403,400,402,408,406,405,403,388,380,452,325,270,65,54,59,75,70,76,62,74,70,51,95,139,10,16,0,0,0,0,0,0,0,0,0,0,0,0,0,0,0,12825,2425,12836,131,131,0,0,0,0,0,0,0,0,0,0,0,0,0,0,0,0,0,0,0,0,0,0,0,0,0,0,0,0,0,0,0,0,0,0,0,0,0,0,0,0,0,0,0,0,0,0,0,0,0,0,0,0,0,0,0,0,0,0,0,0,0,0,0,0,0,0,0,0,0,0,0,0,0,0,0,0,0,0,0,0,0,0,0,0,0,0,0,0,0,0,0,0,0,0,0,0,0,0,0,0,0,0,0,0,0,0,0,0,0,0,0,0,0,0,0,0,0,0,0,0,0,0,0,0,0,0,0,0,0,0]} 1. e4 e5 2. Nf3 Nc6 3. Bc4 Nf6 4. Ng5 d5 5. exd5 Na5 6. Bb5+ c6 7. dxc6 bxc6 8. Bd3 Nd5 {C58: Two Knights: 4 Ng5 d5 5 exd5 Na5 sidelines.} 9. Nf3 Bd6 10. O-O Nf4 11. Re1 Nxd3 12. cxd3 {Threatening d4.} O-O 13. Nc3 c5 14. b3 {[#]} Bb7 $146 ({Predecessor:} 14... Nc6 15. Ba3 Bg4 16. h3 Bh5 17. Ne4 f5 18. Ng3 Bg6 19. Qc1 Qa5 20. Bb2 Rae8 {1-0 (71) Vaibhav,S (2597)-Jones,G (2688) chess24.com INT 2020}) 15. Ne4 Re8 16. Bb2 Nc6 17. Nfg5 $1 (17. Nxd6 $6 Qxd6 18. Rc1 Rad8 $11) 17... f6 (17... h6 $16 18. Nxd6 (18. Nxf7 $2 Kxf7 19. Rc1 Kg8 $17) 18... Qxd6) 18. Qh5 $1 $18 {[%cal Rh5h7]} fxg5 19. Nxg5 Qd7 $2 (19... h6 20. Qf7+ {[%mdl 64] Double Attack} Kh8) 20. Qxh7+ $40 {[%mdl 128] White wants a kill.} Kf8 {[#]} 21. f4 $1 {[%cal Rf4e5][%mdl 512]} Ke7 {Black wants to play ...Kd8.} (21... exf4 22. Qh8#) 22. fxe5 Bc7 23. e6 Qd5 24. Qxg7+ Kd8 25. Ne4 {[%cal Bg5e4,Be4c5,Bc5a6][%mdl 32]} Nd4 {[#]} 26. Nxc5 $1 {[%mdl 512]} Nf3+ (26... Qxc5 27. Qd7#) 27. Kh1 {Threatening mate with Bf6+.} Bc6 28. e7+ Kc8 29. Qg4+ {[%mdl 64] Double Attack} (29. gxf3 Qxf3+ 30. Kg1 Qh1+ 31. Kf2 Qxh2+ 32. Kf1 Qh3+ 33. Kf2 Qf3+ 34. Kg1 Bg3 $19) 29... Kb8 30. Na6+ (30. Qxf3 Qxc5 31. Ba3 Qb5 $16) 30... Kb7 31. Nxc7 ({Weaker is} 31. gxf3 Rg8 $11) ({Not} 31. Qxf3 Qxf3 32. Nc5+ (32. gxf3 Bxf3+ 33. Kg1 Kxa6 $16) 32... Kb6 $1 $16 {[%mdl 512]}) 31... Qd6 {[%csl Gf3][%cal Rd6h2]} 32. Be5 Nxe5 33. Nxe8 Rxe8 34. Qg3 Rxe7 35. Re2 Qf6 36. Rae1 Rf7 {( -> ...Qf1+!)} 37. h3 Nd7 {and the idea ...Rg7 leaves Black hopeful.} 38. Re6 Rg7 39. Rxf6 Rxg3 40. Rxc6 $2 ({Better is} 40. Rh6 $18) 40... Kxc6 {[%mdl 4096] Endgame KRN-KR} 41. Re3 Rg7 42. g4 Kd5 $1 43. Kg2 Ne5 44. Kg3 Rf7 45. h4 Rf1 46. g5 (46. h5 $1 $16) 46... Rg1+ $11 47. Kh2 Ra1 48. Rg3 Rxa2 49. g6 Rxd2+ 50. Kh3 {Black must now prevent g7.} Nxg6 51. Rxg6 Rxd3+ {KR-KR} 52. Rg3 Rd1 53. Re3 Kd4 $1 {[%cal Rd4e3]} 54. Rf3 Ke4 $2 {[%mdl 8192] [#]} (54... Ke5 $11) 55. Kg4 $1 $18 Rd8 56. Rf4+ $2 (56. Rf5 $18 {is more deadly.} Rd1 57. Kg5) 56... Ke5 $16 {[#]} 57. Rf5+ ({White has to play} 57. h5 $1 $16) 57... Ke6 $1 $11 {The position is equal.} 58. h5 {h6 is the strong threat.} Rg8+ $1 59. Rg5 Rb8 $1 60. h6 {Threatens to win with h7.} Kf7 61. h7 {Strongly threatening Rb5!} Rb4+ $1 62. Kh5 (62. Kf3 {seems wilder.} Rxb3+) 62... Rxb3 63. h8=N+ {KRN-KR} Kf6 64. Ng6 a6 {[%cal Ba7a6,Ba6a5,Ba5a4][%mdl 32]} 65. Nf4 Rb1 66. Nd5+ Ke6 67. Kg6 Kd6 68. Ne3 Rb5 69. Rg1 a5 70. Kf6 a4 71. Rd1+ Kc6 72. Ke6 a3 73. Ra1 Rb3 74. Nc4 {Hoping for Na5+.} Kc5 75. Nxa3 Re3+ 76. Kf5 Rc3 77. Ke4 Kb4 78. Nb1 Rh3 79. Nd2 Kc5 80. Ra5+ Kc6 81. Nf3 Rh1 82. Nd4+ Kd6 83. Ra6+ Kc5 84. Rc6+ Kb4 85. Nf3 Rd1 86. Ne5 Kb5 87. Rc3 Kb4 88. Rc8 Kb5 89. Nd3 Rh1 90. Kd5 Rh5+ 91. Ne5 Kb4 92. Rc4+ Kb5 93. Rg4 Rh1 94. Nd3 Rd1 95. Rb4+ Ka5 96. Rb3 {White wants to mate with Kc6.} Rh1 (96... Ka4 {feels hotter.}) 97. Ne5 Rh5 98. Rb8 Ka4 99. Kd4 Rh4+ 100. Kc3 Rh3+ 101. Nd3 Ka5 102. Rb2 Ka4 103. Kc4 {[%cal Rb2a2]} Rh4+ 104. Kd5 Rh5+ 105. Ne5 Ka5 106. Kd4 Ka6 107. Rb1 Ka5 108. Kd5 Ka4 109. Kc4 {[%cal Rb1a1]} Rh4+ 110. Kc3 Rh3+ 111. Nd3 Ka5 112. Rb8 Ka4 113. Kc4 {[%cal Rb8a8]} Rh4+ 114. Kd5 Rh5+ 115. Ne5 Ka5 116. Kd4 Ka4 117. Nc6 Rh4+ 118. Kc3 Rh3+ 119. Kc4 {[%cal Rb8a8]} Rh4+ 120. Nd4 {[%cal Rb8a8]} Ka5 121. Rb3 Ka6 {Accuracy: White = 91%, Black = 87%.} 1/2-1/2